[Event "AUT-ch U14"]
[Site "St Veit"]
[Date "2016.05.16"]
[Round "5"]
[White "Schmuecker, Markus"]
[Black "Schoepf, Michael"]
[Result "1-0"]
[WhiteElo "1355"]
[BlackElo "1215"]
[PlyCount "37"]
[EventDate "2016.05.14"]
[EventType "swiss"]
[EventRounds "7"]
[EventCountry "AUT"]
[SourceTitle "CBM 172 Extra"]
[Source "ChessBase"]
[SourceDate "2016.06.21"]
[SourceVersion "1"]
[SourceVersionDate "2016.06.21"]
[SourceQuality "1"]

1. c4 c5 2. Nc3 Nc6 3. Nf3 Nf6 4. d4 d5 5. cxd5 Nxd5 6. e4 Nf6 7. d5 Nb4 8. a3 Na6 9. e5 Nd7 10. Bb5 Nc7 11. Ba4 a6 12. Bf4 e6 13. d6 Nb5 14. Bxb5 axb5 15. Nxb5 Qa5+ 16. Nc3 g6 17. Bd2 c4 18. Qe2 b5 19. Nd5 1-0

[Event "AUT-ch U14"]
[Site "St Veit"]
[Date "2016.05.15"]
[Round "3"]
[White "Valtiner, Adamo"]
[Black "Schoepf, Michael"]
[Result "1-0"]
[WhiteElo "1545"]
[BlackElo "1215"]
[PlyCount "101"]
[EventDate "2016.05.14"]
[EventType "swiss"]
[EventRounds "7"]
[EventCountry "AUT"]
[SourceTitle "CBM 172 Extra"]
[Source "ChessBase"]
[SourceDate "2016.06.21"]
[SourceVersion "1"]
[SourceVersionDate "2016.06.21"]
[SourceQuality "1"]

1. e4 e5 2. Nf3 Nc6 3. d4 exd4 4. c3 dxc3 5. Nxc3 Bc5 6. Bc4 Nf6 7. Bg5 h6 8. Bh4 g5 9. Bg3 d6 10. e5 Qe7 11. 0-0 Nxe5 12. Nxe5 dxe5 13. Re1 Bd6 14. Nd5 Nxd5 15. Qxd5 c6 16. Qd3 Bd7 17. Rad1 Bc7 18. Qc3 f6 19. f4 gxf4 20. Bxf4 0-0-0 21. Be3 Qg7 22. Kh1 Bg4 23. Rc1 e4 24. Bxa7 Bb8 25. Bd4 Qc7 26. g3 Bf3+ 27. Kg1 Rd7 28. Be6 Rhd8 29. Bxf6 Ba7+ 30. Bd4 Qe5 31. Bxd7+ Rxd7 32. Bxa7 Qxc3 33. Rxc3 Rd2 34. Bf2 Rxb2 35. Ra3 b5 36. Ra8+ Kb7 37. Ra7+ Kc8 38. h4 b4 39. Rc1 e3 40. Bxe3 Rg2+ 41. Kf1 Rxg3 42. Kf2 Rh3 43. Rb1 c5 44. Bxc5 Bd5 45. Bd6 Ra3 46. Rxa3 bxa3 47. Rb5 Bxa2 48. Ra5 Kd7 49. Bxa3 Kc6 50. Bf8 Kb6 51. Rxa2 1-0

[Event "AUT-ch U14"]
[Site "St Veit"]
[Date "2016.05.14"]
[Round "2"]
[White "Schoepf, Michael"]
[Black "Erwin Casero, Daniel"]
[Result "0-1"]
[WhiteElo "1215"]
[BlackElo "1704"]
[PlyCount "104"]
[EventDate "2016.05.14"]
[EventType "swiss"]
[EventRounds "7"]
[EventCountry "AUT"]
[SourceTitle "CBM 172 Extra"]
[Source "ChessBase"]
[SourceDate "2016.06.21"]
[SourceVersion "1"]
[SourceVersionDate "2016.06.21"]
[SourceQuality "1"]

1. c4 Nf6 2. Nc3 g6 3. Nf3 Bg7 4. g3 d6 5. Bg2 0-0 6. 0-0 Nbd7 7. d3 e5 8. Ng5 h6 9. Nge4 Nxe4 10. Nxe4 f5 11. Nc3 Nf6 12. Bd2 c6 13. e3 Be6 14. b3 Qd7 15. Re1 e4 16. Qc2 d5 17. dxe4 Nxe4 18. Nxe4 dxe4 19. Rad1 Qc7 20. Bc3 Rad8 21. Rd2 Rxd2 22. Bxd2 Qe5 23. Rd1 Rd8 24. Be1 Qf6 25. Bf1 Rxd1 26. Qxd1 Qe7 27. Qc1 Qd6 28. c5 Qe5 29. Bc4 Bxc4 30. Qxc4+ Qd5 31. Qxd5+ cxd5 32. b4 Kf7 33. b5 Ke7 34. c6 bxc6 35. bxc6 Kd6 36. Kg2 Kxc6 37. Bb4 Kb5 38. Be7 Ka4 39. f3 Bc3 40. fxe4 fxe4 41. Bf8 h5 42. Kh3 Bb4 43. Bxb4 Kxb4 44. g4 Kc3 45. gxh5 gxh5 46. Kg3 Kd3 47. Kf2 Kd2 48. a4 a5 49. h4 Kd3 50. Ke1 Kxe3 51. Kd1 Kf2 52. Kc2 e3 0-1